000 00814nam a2200289Ia 4500
005 20260324111748.0
008 008 260324s9999 xx 000 0 eng d
020 _a9781003494225
037 _aEBOOK
040 _aCRL
040 _beng
040 _cCRL
041 _2eng
041 _aeng
084 _qCRL
100 _aShelley Goldman; Brigid Barron; Elizabeth B. Kozleski; Antero Garcia
_91139912
245 0 _aFamilies, COVID, and Unequal Schooling in the US
245 0 _bResilient Learning Ecologies, Intersectional Portraits, and Layered Theoretical Perspectives
260 _bTaylor and Francis
260 _c2025
365 _a
365 _b230
856 _uhttp://www.taylorfrancis.com/books/9781003494225
942 _cEBOOK
999 _c1728830
_d1728830